| 000 | 00740nam a2200241 i 4500 | ||
|---|---|---|---|
| 001 | 192197 | ||
| 003 | ES-MaACL | ||
| 005 | 20250804062651.0 | ||
| 008 | 221113s2012 enk r 000 f eng c | ||
| 020 | _a9780718157845 | ||
| 040 |
_aULE.BC _bspa _cES-MaACL |
||
| 080 | _a821.111-31"19" | ||
| 100 | 1 |
_aMoyes, Jojo, _d1969- _eaut _9175829 |
|
| 245 | 1 | 4 |
_aThe girl you left behind / _cJojo Moyes. |
| 250 | _aFirst published 2012 | ||
| 260 |
_aLondon : _bPenguin Books, _c2012. |
||
| 300 |
_a515 páginas ; _c20 cm. |
||
| 655 | 0 |
_aNovelas _9234319 |
|
| 852 |
_aES-MaACL _bR. 150923 _cDEPOJ _hDonación: Editorial _jN-8143 _9199479 |
||
| 942 |
_cMONOGRAFIA _n0 |
||
| 999 |
_c192197 _d192197 |
||